02030nam a2200241 a 4500001001000000003000900010005001700019007000300036008004100039040003000080082002100110100003700131245007400168264003200242300002800274336002700302337003300329338002800362490003400390505130400424651003201728830002801760000034656DO-SdBNP20260321073642.0ta111013s1970 sp r 001 0 spa d aDO-SdBNPbspacBNPHUerda 4a972.9bB742d2221 a Bosch, Juan, d1909-2001eautor10aDe Cristóbal Colón a Fidel Castro :bel Caribe, frontera imperal. aMadrid :bAlfaguara,c1970. a740 páginas ;c21 cm. ardacontentbtexto2txt ardamediabsin mediación2n brdacarrier0volumen2nc1 aHombres, hechos e ideas ;vXX0 aUnas palabras del autor --tUna frontera de cinco siglos --tEl escenario de la frontera --tIndios y españoles en los primeros años de la frontera imperial --tLa conquista del Caribe entre 1508 y 1526 --tLa conquista entre 1526-1584 --tSublevaciones de indios, africanos y españoles en el siglo XVI --tLas guerras de España en el siglo XVI --tContrabandistas, bucaneros y filibusteros --tEl siglo de la desmembración --tEl tiempo del espanto --tIntermedio europeo --tEl Caribe hasta la Paz de Utrecht --tLas guerras en el Caribe hasta la Paz de París (1763) --tLa revolución Norteamericana y sus resultados en el Caribe --tLa revolución francesa y su proyección en el Caribe --tEl tiempo de la libertad --tNacimiento de la República de Haití --tEn los umbrales de la gran conmoción --tLa guerra social venezolana --tLa independencia de los territorios españoles --t1821-1851. Los años de reajuste --tLos años de los episodios increíbles (1855-1861) --tLas luchas por la independencia de Cuba (1868-1898) --tEl siglo del imperio norteamericano --tLos años de las balas y de los dólares --tFidel Castro o la nueva etapa histórica del Caribe--tBibliografía --tReseña biográfica de Juan BoschtÍndice onomástico y geográfico -- 0aCaribe (Región)xHistoria 0aHombres, hechos e ideas